[Event "Fredericia Chess 2023 IM"]
[Site "Fredericia"]
[Date "2023.05.21"]
[Round "9.4"]
[White "Ramsdal, Jens Albert"]
[Black "Toktomushev, Teimur"]
[Result "1-0"]
[WhiteElo "2366"]
[BlackElo "2239"]
[PlyCount "124"]
[EventDate "2023.05.17"]
[EventType "tourn"]
[EventRounds "9"]
[EventCountry "DEN"]
[SourceTitle "Live"]

1. d4 d5 2. c4 e6 3. Nc3 Nf6 4. Nf3 Be7 5. Bf4 O-O 6. e3 b6 7. Bd3 dxc4 8. Bxc4
Ba6 9. Bxa6 Nxa6 10. Qa4 Nb4 11. O-O Nbd5 12. Nxd5 Nxd5 13. Bg3 Qe8 14. Qb3 c5
15. Rfd1 Rc8 16. Rac1 cxd4 17. Nxd4 Qd7 18. h3 Rxc1 19. Rxc1 Rc8 20. Rc4 Rxc4
21. Qxc4 Bf6 22. b3 h5 23. Kh2 h4 24. Bb8 Qb7 25. Bd6 Bxd4 26. Qxd4 Qc6 27. Bb8
Qc8 28. Qe5 Qc2 29. e4 Nf6 30. Bxa7 Qxf2 31. Qb8+ Kh7 32. Bxb6 Qxa2 33. Bd4
Nxe4 34. Qf4 Qe2 35. Qxf7 Kh6 36. Qxg7+ Kh5 37. Qf7+ Kg5 38. Qxe6 Qd3 39. Qg4+
Kh6 40. Qxh4+ Kg6 41. Qg4+ Kf7 42. Qf3+ Qxf3 43. gxf3 Nd2 44. Kg3 Nxb3 45. Bb6
Nc1 46. f4 Ne2+ 47. Kg4 Nc3 48. h4 Nd5 49. Bd8 Ne3+ 50. Kg5 Nc4 51. Bc7 Nd2 52.
Be5 Ne4+ 53. Kf5 Nc5 54. h5 Ne6 55. h6 Nf8 56. Ba1 Kg8 57. Bg7 Ng6 58. Kg5 Kh7
59. f5 Kg8 60. Bf6 Nf8 61. Bg7 Ng6 62. Kf6 Nf4 1-0

[Event "Fredericia Chess 2023 IM"]
[Site "Fredericia"]
[Date "2023.05.21"]
[Round "9.5"]
[White "Nilssen, Ellen Fredericia"]
[Black "Loftgaard, Mikkel Vinh"]
[Result "1-0"]
[WhiteElo "2114"]
[BlackElo "2258"]
[PlyCount "83"]
[EventDate "2023.05.17"]
[EventType "tourn"]
[EventRounds "9"]
[EventCountry "DEN"]
[SourceTitle "Live"]

1. e4 c5 2. Nf3 d6 3. Bb5+ Nd7 4. d4 cxd4 5. Qxd4 a6 6. Bxd7+ Bxd7 7. Nc3 e5 8.
Qd3 Nf6 9. Bg5 Be6 10. O-O Rc8 11. Nd2 Be7 12. Rfd1 O-O 13. Nf1 b5 14. a3 Bc4
15. Qd2 Bxf1 16. Bxf6 Bc4 17. Bxe7 Qxe7 18. Qxd6 Qg5 19. Qd2 Qg6 20. Rac1 Be6
21. Qe3 f6 22. Rd6 Qf7 23. Qb6 Bc4 24. Rcd1 Rb8 25. Qe3 a5 26. Rd7 Qh5 27. Qa7
Ra8 28. Qc5 Rac8 29. Qe7 Qh6 30. b3 Rfe8 31. Qd6 Bf7 32. Nxb5 Rxc2 33. Nc7 Rf8
34. Rd8 g5 35. Ne6 Re8 36. Qd7 Qg6 37. Qe7 Rc8 38. Rxe8+ Rxe8 39. Rd8 Rxd8 40.
Qxd8+ Be8 41. Nc7 Kf8 42. Qxe8+ 1-0